00688nam a2200205Ia 450000500170000000800410001702000150005804000700007304100080014310000250015124500870017626000430026330000180030649000190032465000170034365000410036065100240040165100370042570000200046220160115121541.0130821s2007 ve gr dspa  a9803883070 aCo-BoUCMbspacLuz Cupitra (modificó)dLuz Cupitra (modificó)00aspa1 aHernández, Ramón10aCarlos Andrés Pérez memorias proscritascRamón Hernández y Roberto Giusti aCaracas (Venezuela)bEl Nacionalc2007 a479 páginas aFuera de Serie04aBiografías04aPresidenteszVenezuelavBiografías aVenezuelaxHistoria aVenezuelaxPolítica y gobierno1 aGiusti, Roberto